|
|
|
|
| LEADER |
00000cam a2200000 7i4500 |
| 001 |
0000025266 |
| 005 |
20140430.0 |
| 008 |
270414 my a eng |
| 020 |
|
|
|a 9789670480152 ,
|c RM39.20
|
| 040 |
|
|
|a INS
|
| 090 |
0 |
0 |
|a LA1236
|b E38 2013
|
| 245 |
1 |
0 |
|a Education for all Malaysian perspective
|c compiler by Noraini Idris
|
| 260 |
|
|
|a Tanjung Malim, Perak :
|b Universiti pendidikan Sultan Idris ,
|c 2013
|
| 300 |
|
|
|a x,272p :
|b il ;
|c 23cm.
|
| 500 |
|
|
|a Includes references and index
|
| 650 |
|
0 |
|a Education innovations
|z Malaysia
|
| 650 |
|
0 |
|a Educational change
|z Malaysia
|
| 650 |
|
0 |
|a Education
|z Malaysia
|
| 700 |
1 |
|
|a Noraini Idris
|
| 999 |
|
|
|a 1000001477
|b BOOK
|c Open Shelf
|e Default branch
|